[Event "18th Delhi GM Open 2020"]
[Site "Delhi"]
[Date "2020.01.12"]
[Round "5.6"]
[White "Ponkratov, Pavel"]
[Black "Nigmatov, Ortik"]
[Result "1/2-1/2"]
[WhiteElo "2622"]
[BlackElo "2467"]
[Annotator "TA"]
[PlyCount "80"]
[EventDate "2020.01.09"]
[EventType "swiss"]
[EventCountry "IND"]
[SourceTitle "playchess.com"]
[Source "ChessBase"]
[SourceQuality "1"]

{[%evp 19,80,-20,0,-27,-33,-27,-29,-36,-31,-82,-65,-77,-69,-63,-76,-97,-50,-82,-66,-75,-72,-75,-25,-25,-29,-25,0,0,-1,-16,0,-1,0,0,-6,-6,0,-14,-13,-14,0,0,0,0,0,-83,-21,-22,0,-21,-23,-33,0,-27,-20,-24,-20,-161,-14,-25,0,0,0]} 1. e4 c5 2. Nf3 Nc6 3. d4 cxd4 4. Nxd4 Nf6 5. Nc3 e5 6. Ndb5 d6 7. a4 a6 8. Na3 Bg4 9. f3 Be6 10. Bc4 Rc8 11. Be3 {B33: Sicilian: Pelikan and Sveshnikov Variations} Nb4 12. Bxe6 fxe6 13. O-O {Black has an edge.} Be7 14. f4 (14. Ncb1 $15) (14. Ne2 d5 15. c3 Nc6 16. Ng3 O-O 17. Nc2 Na5 18. Qe2 Qd7 {½-½ (75) Milos,G (2593)-Mekhitarian,K (2511) Porto Alegre 2008}) 14... O-O $146 ({Predecessor:} 14... exf4 15. Rxf4 O-O 16. Qe2 Qc7 17. Raf1 d5 18. exd5 Nbxd5 19. Nxd5 Nxd5 20. Rxf8+ Rxf8 21. Rxf8+ Bxf8 {0-1 (27) Linnichenko,M (2148)-Trofimov,V (2210) RCCA email 2003}) 15. Kh1 Qc7 16. fxe5 dxe5 17. Bg5 h6 18. Bh4 g5 19. Bg3 Kg7 20. Qe2 Kg6 21. Rad1 Nh5 22. Rxf8 Nxg3+ (22... Bxf8 {with more complications.} 23. Qg4 Nxg3+ 24. hxg3 Re8 25. Rf1 h5) 23. hxg3 Bxf8 24. Ncb1 Nc6 ({Weaker is} 24... Nxc2 25. Rc1 $16) 25. c3 h5 26. b4 Nd8 27. a5 Nf7 28. Qa2 Qc6 29. Nd2 Rd8 30. Nac4 g4 31. Rf1 {[#] Threatens to win with Rxf7!} Bg7 32. Qb1 (32. Kh2 $11 {remains equal.}) 32... Ng5 (32... Nd6 $17 33. Qd3 Qb5) 33. Kh2 Qe8 34. Nb3 Qb5 35. Nbd2 Qc6 36. Kg1 Qd7 37. Re1 Nf7 38. Nb3 {[#]} (38. Qc2 $11 {and White has nothing to worry.}) 38... Qb5 ({Black should play} 38... Qc6 $1 $19 {[%cal Rc6c4]} 39. Nbd2 Bh6) 39. Nb2 $11 Bh6 40. Qc2 Bg5 {Accuracy: White = 55%, Black = 44%.} 1/2-1/2

[Event "18th Delhi GM Open 2020"]
[Site "Delhi"]
[Date "2020.01.12"]
[Round "5.7"]
[White "Muthaiah AL"]
[Black "Karthikeyan, Murali"]
[Result "1-0"]
[WhiteElo "2367"]
[BlackElo "2606"]
[Annotator "TA"]
[PlyCount "85"]
[EventDate "2020.01.09"]
[EventType "swiss"]
[EventCountry "IND"]
[SourceTitle "playchess.com"]
[Source "ChessBase"]
[SourceQuality "1"]

{[%evp 9,85,22,26,28,31,15,29,22,25,11,16,9,23,0,0,0,6,0,0,0,0,0,0,0,0,-3,0,0,0,0,0,0,0,0,12,23,22,27,22,0,60,41,117,101,110,117,115,143,604,507,864,1371,924,1321,6287,6211,5306,898,807,0,1363,1070,1000,901,6179,6135,6103,6091,5293,4133,1672,1656,29983,29984,29984,29985,29996,29997]} 1. d4 Nf6 2. Bg5 Ne4 3. Bf4 e6 4. Nd2 Nxd2 5. Qxd2 d5 6. e3 {A45: Trompowsky Attack} Nd7 7. Bd3 Nf6 8. Nf3 {White has an edge.} Bd6 9. O-O $146 ({Predecessor:} 9. c3 Qe7 10. h4 Bd7 11. h5 h6 12. Ne5 O-O-O 13. f3 Be8 {1-0 (51) Stripunsky,A (2556)-Arnold,M (2408) New York 2009}) 9... O-O 10. Rac1 b6 11. Bxd6 cxd6 12. c4 dxc4 13. Rxc4 Bb7 14. Rfc1 Bd5 15. R4c3 Bxf3 16. gxf3 Nd5 17. Rc6 e5 18. Be4 Qg5+ 19. Kf1 Nf6 20. Rxd6 Nxe4 21. fxe4 Rae8 22. dxe5 Qxe5 23. f3 Qh5 24. Qg2 Re7 ({Black should play} 24... Re6 $11 25. Rd5 Qh6) 25. Rd5 f5 (25... Qh6 $14) 26. f4 $1 $16 Re6 {White should prevent ...Rg6.} 27. Rxf5 $1 Rxf5 28. exf5 $40 {[%mdl 128] White wants a kill.} Rxe3 $2 {[%mdl 12288] Endgame KQR-KQR} (28... Re8 $16) 29. Qd5+ Kh8 (29... Kf8 $142 30. Qd6+ Kg8) 30. Rc8+ $18 Re8 {[#]} 31. Qe6 $1 ({Weaker is} 31. Rxe8+ Qxe8 32. Qd6 Kg8 $14) 31... Qd1+ 32. Kf2 {[%cal Rc8e8]} Qd4+ 33. Kf3 (33. Kg2 $142 Qd5+ 34. Qxd5 Rxc8 35. Qf7) 33... Qd1+ 34. Kf2 (34. Kg2 $142 Qg4+ {[%mdl 64] Double Attack} 35. Kf2 Qxf4+ 36. Ke2 Qxh2+ 37. Kd3 Qh3+ 38. Kc2 Qg2+ 39. Kb3 Qd5+ 40. Qxd5 Rxc8 {[#]} 41. Qb7 $1 {[%mdl 576] Double Attack}) 34... Qd4+ {[%mdl 64] Double Attack} 35. Ke1 {[%cal Rc8e8]} Qg1+ 36. Kd2 {[%cal Rc8e8]} Qxh2+ 37. Kc3 {[%cal Rc8e8]} Qg3+ 38. Kc2 {[%cal Rc8e8]} Qf2+ 39. Kb3 {[%cal Rc8e8]} Qf3+ 40. Ka4 {[%cal Rc8e8]} Qd1+ 41. b3 {[%cal Rc8e8] White mates.} b5+ 42. Ka3 {[%cal Rc8e8]} b4+ 43. Ka4 {Accuracy: White = 62%, Black = 41%.} 1-0

[Event "18th Delhi GM Open 2020"]
[Site "Delhi"]
[Date "2020.01.12"]
[Round "5.8"]
[White "Bharat Kumar Reddy Poluri"]
[Black "Gupta, Abhijeet"]
[Result "0-1"]
[WhiteElo "2306"]
[BlackElo "2603"]
[Annotator "TA"]
[PlyCount "92"]
[EventDate "2020.01.09"]
[EventType "swiss"]
[EventCountry "IND"]
[SourceTitle "playchess.com"]
[Source "ChessBase"]
[SourceQuality "1"]

{[%evp 16,92,0,0,9,0,0,-22,-19,-18,30,15,18,0,0,0,0,0,27,-9,-11,-30,0,0,12,-19,-36,-157,-143,-185,-59,-56,-51,-29,-58,-48,0,0,0,0,0,-24,-7,-23,-27,-18,0,0,0,-37,-44,-46,-52,-76,-79,-64,-31,-31,-37,-45,-17,-203,-197,-198,-195,-356,-382,-418,-410,-401,-397,-608,-603,-633,-628,-635,-624,-594,-594]} 1. e4 c5 2. Nf3 d6 3. d4 cxd4 4. Nxd4 Nf6 5. Nc3 Nc6 6. Be2 e5 7. Nb3 Be7 8. O-O O-O 9. Bf3 a5 {B59: Classical Sicilian: 6 Be2 e5 7 Nb3} 10. a4 Nb4 11. Nb5 (11. Re1 Be6 12. Nb5 h6 13. Re2 Qc8 14. c3 Nd3 15. Be3 Bxb3 16. Qxb3 d5 17. exd5 {½-½ (73) Bharat,K (2337)-Gupta,A (2611) Majitar 2019}) 11... d5 {The position is equal.} 12. exd5 {[#] d6 is the strong threat.} e4 (12... Bf5 $5 {[%cal Rf5c2]} 13. Na3 e4 $11) 13. Be2 $146 {Hoping for d6.} ({Predecessor:} 13. d6 exf3 14. dxe7 Qxe7 15. Re1 Qd7 16. N3d4 Qg4 17. Qxf3 Qxf3 18. gxf3 {0-1 (55) Sambursky,V (2271)-Kleiman,B (2231) Tula 2004}) 13... Nbxd5 14. Bg5 h6 15. Bh4 Bf5 16. Re1 Rc8 17. N3d4 Bg6 18. Bg3 Re8 19. c3 Bf8 20. Qb3 e3 21. Rad1 (21. fxe3 $15 Rxe3 22. Bf2) 21... Ne4 $17 22. Nf3 Qb6 ({Stronger than} 22... exf2+ 23. Bxf2 Nxf2 24. Rxd5 $11) (22... Bc5 $19 {[%cal Re3f2]} 23. fxe3 Nxg3 24. hxg3 Rxe3) 23. Nbd4 $15 exf2+ 24. Bxf2 Nxf2 25. Kxf2 Qxb3 26. Nxb3 Ne3 27. Rd7 Ng4+ 28. Kg1 b6 29. Bb5 Rxe1+ 30. Nxe1 Ne5 31. Rb7 Rd8 {Black wants to play ...Rd1.} 32. Be2 Nd7 33. Nf3 Be4 34. Rc7 Bd6 $36 {[%mdl 2048] Black is really pushing.} 35. Rc4 f5 36. Rd4 Nc5 37. Nbd2 Bc6 38. b4 $2 {[#]} (38. Nc4 $11 {and White is okay.} Bc7 39. Rxd8+ Bxd8 40. Nd4) 38... Nxa4 $19 39. Ne5 Be8 40. Bc4+ $2 (40. Ndc4 {might work better.} Bc7 41. bxa5 bxa5 42. Rxd8 Bxd8 43. Bf3) 40... Kf8 41. Rd3 Nxc3 42. bxa5 bxa5 {[%cal Bb6a5,Ba5a4][%mdl 32]} 43. Nb3 (43. Kf1 $142) 43... a4 {Black is clearly winning.} 44. Na5 Bc7 45. Rxc3 {White hopes to continue with Nac6.} Bxe5 46. Rf3 g6 {Accuracy: White = 31%, Black = 61%.} 0-1

[Event "18th Delhi GM Open 2020"]
[Site "Delhi"]
[Date "2020.01.12"]
[Round "5.9"]
[White "Pantsulaia, Levan"]
[Black "Manik, Mikulas"]
[Result "1-0"]
[WhiteElo "2598"]
[BlackElo "2378"]
[Annotator "TA"]
[PlyCount "61"]
[EventDate "2020.01.09"]
[EventType "swiss"]
[EventCountry "IND"]
[SourceTitle "playchess.com"]
[Source "ChessBase"]
[SourceQuality "1"]

{[%evp 14,61,-2,-10,0,-7,-8,-10,-1,-4,15,4,22,19,16,19,21,29,21,31,41,12,14,18,22,25,70,63,85,87,107,86,107,66,139,148,168,160,254,193,229,216,305,303,417,362,456,450,567,516]} 1. Nf3 Nf6 2. g3 d6 3. Bg2 g6 4. c4 Bg7 5. Nc3 O-O 6. O-O Nc6 7. a3 e5 8. d3 Re8 {A26: English Opening vs King's Indian with ...Nc6 and d3} (8... Nd4 9. Nd2 c6 10. b4 d5 11. Bb2 Re8 12. cxd5 cxd5 13. Rc1 Bf5 14. h3 h5 15. e3 Nc6 16. e4 dxe4 17. Ndxe4 Nxe4 18. Nxe4 {½-½ (42) Vidit,S (2721)-Wojtaszek,R (2725) Moscow 2019}) 9. Bg5 h6 10. Bxf6 Bxf6 {The position is equal.} 11. Nd2 a5 $146 ({Predecessor:} 11... Bg7 12. Rb1 Be6 13. b4 Qc8 14. Nd5 Ne7 15. b5 c6 16. bxc6 bxc6 17. Nxe7+ Rxe7 {1-0 (30) Jaracz,P (2465)-Borkowski,F (2278) Wroclaw 2017}) 12. c5 dxc5 13. Bxc6 bxc6 14. Qa4 Ra6 15. Nce4 Be7 16. Rfc1 Bh3 17. Rab1 Kg7 $1 18. Nxc5 Rb6 19. Qe4 Bg5 20. Rc2 f5 21. Qc4 {And now Ne6+ would win.} Bxd2 22. Rxd2 {[#] Strongly threatening Ne6+.} Qd5 {[%csl Gh3][%cal Rd5g2]} 23. f3 f4 (23... Qxc4 $14 24. dxc4 f4) 24. Rc1 $16 Qd8 25. Qc3 ({Don't take} 25. gxf4 Qf6 $16) 25... Kh7 (25... h5 $16 26. d4 (26. Qxa5 Qd4+ 27. Kh1 Rxb2 $16) 26... fxg3) 26. Kf2 ({But not} 26. Qxa5 $6 Rb5 $16) 26... Qe7 27. Qxa5 Rf8 (27... Be6 $142 28. Rdc2 Bd5) 28. Ne4 $18 g5 29. Qc5 Qg7 30. g4 h5 31. gxh5 {Accuracy: White = 70%, Black = 31%.} 1-0

[Event "18th Delhi GM Open 2020"]
[Site "Delhi"]
[Date "2020.01.12"]
[Round "5.10"]
[White "Neelash Saha"]
[Black "Yakubboev, Nodirbek"]
[Result "1/2-1/2"]
[WhiteElo "2356"]
[BlackElo "2597"]
[Annotator "TA"]
[PlyCount "136"]
[EventDate "2020.01.09"]
[EventType "swiss"]
[EventCountry "IND"]
[SourceTitle "playchess.com"]
[Source "ChessBase"]
[SourceQuality "1"]

{[%evp 10,136,33,39,38,40,57,27,37,36,52,42,67,67,74,65,75,80,71,41,54,36,31,37,111,38,37,37,30,30,27,32,30,30,37,36,29,33,65,85,87,111,85,29,38,18,33,40,39,41,40,0,0,0,0,0,0,0,0,0,0,0,0,0,0,-83,-35,-31,0,0,0,0,0,0,0,0,0,0,0,0,0,0,0,0,0,0,-5,-4,0,0,0,-9,-17,-11,0,0,0,0,0,0,-15,-18,0,-62,0,0,0,0,0,0,0,0,0,0,0,0,0,0,0,0,0,0,0,0,0,0,0,0,0]} 1. d4 Nf6 2. c4 e6 3. g3 Bb4+ 4. Bd2 Qe7 5. Bg2 Nc6 6. e3 O-O {E00: Catalan Bogo-Indian (3 g3 Bb4+)} 7. Ne2 e5 {Black wants to play ...exd4.} 8. d5 Nb8 {White has an edge.} 9. Nbc3 d6 10. Qc2 Nbd7 $146 ({Predecessor:} 10... a5 11. a3 Bxc3 12. Nxc3 Bd7 13. b3 c6 14. dxc6 Bxc6 {½-½ (55) Vallejo Pons,F (2709)-Liu,Y (2474) China 2018}) 11. a3 Bxc3 12. Nxc3 ({Much weaker is} 12. Qxc3 $6 e4 $11) 12... Ne8 13. e4 Nb6 14. Qd3 f5 $1 15. b4 Nf6 16. O-O f4 (16... fxe4 $14 17. Nxe4 Bf5) 17. gxf4 (17. Rfc1 $16) 17... exf4 $14 18. Bxf4 Nxe4 $1 19. Bxe4 Rxf4 20. Bxh7+ Kh8 21. Rae1 Qg5+ 22. Kh1 $1 {White threatens Re8+ and mate.} Bg4 $1 {[%cal Rg4f3]} 23. f3 $1 {[%cal Rf3g4]} Bh5 24. Be4 Raf8 {[#]} 25. Ne2 $1 {Threatens to win with Rg1.} Rh4 {[#]} 26. f4 (26. Nd4 $1 $16) 26... Qh6 $11 27. Ng3 Bg4 28. Rf2 Rh3 29. Kg1 Nd7 30. Re3 Rxf4 31. Rxf4 Qxf4 32. Bg2 Ne5 33. Rxe5 Qxe5 34. Bxh3 Bxh3 35. Qe4 {Black must now prevent Qh4+.} Qg5 36. Kf2 Bd7 37. Qe3 (37. Ne2 $11) 37... Qf6+ 38. Kg1 Qa1+ 39. Nf1 Qd1 40. Qe4 Kg8 41. Kf2 b6 42. Qe7 Qc2+ 43. Kg1 Qg6+ 44. Ng3 Qg4 45. Kg2 Kh7 46. c5 bxc5 47. bxc5 dxc5 48. Qxc5 {[%mdl 64] Double Attack} Qd1 49. Qc4 Qd2+ 50. Kg1 Qe3+ 51. Kg2 Qxa3 52. Qh4+ Kg6 {...Qa2+ is the strong threat.} 53. Qe4+ $1 Kf7 {Hoping for ...a5.} 54. Qf4+ $1 Ke8 {Strongly threatening ...a5.} 55. Qxc7 Qa2+ 56. Kg1 (56. Kf1 $1 $11) 56... Qb1+ ({Better is} 56... Qa1+ $15 57. Kg2 Qd4) 57. Kg2 {The position is equal.} Qb2+ 58. Kf3 Qb3+ 59. Ke4 Qb1+ 60. Kf4 Qb4+ 61. Ne4 Qf8+ 62. Ke5 Qe7+ 63. Kd4 {And now Nd6+ would win.} Qb4+ 64. Ke3 Qe1+ 65. Kf4 Qh4+ 66. Ke3 Qe1+ 67. Kf4 Qh4+ 68. Ke3 Qe1+ {Accuracy: White = 77%, Black = 64%.} 1/2-1/2

[Event "18th Delhi GM Open 2020"]
[Site "Delhi"]
[Date "2020.01.12"]
[Round "5.11"]
[White "Manish Anto Cristiano F"]
[Black "Goganov, Aleksey"]
[Result "1-0"]
[WhiteElo "2280"]
[BlackElo "2583"]
[Annotator "TA"]
[PlyCount "21"]
[EventDate "2020.01.09"]
[EventType "swiss"]
[EventCountry "IND"]
[SourceTitle "playchess.com"]
[Source "ChessBase"]
[SourceQuality "1"]

{[%evp 12,43,0,0,8,0,0,0,0,0,0,0,0,0,0,-22,-23,-20,-40,-54,0,0,0,0,0,0,0,0,1351,1341,1110,-83,0,-897]} 1. e4 e5 2. Nf3 Nc6 3. Bb5 Nf6 4. O-O Nxe4 5. d4 Nd6 6. dxe5 Nxb5 7. a4 {[#]} Nxe5 $1 {C67: Ruy Lopez: Berlin Defence: 4 0-0 Nxe4} (7... Nbd4 8. Nxd4 Nxd4 9. Qxd4 d5 10. exd6 Qxd6 11. Qe4+ Qe6 12. Qd4 Qd6 13. Qe4+ Qe6 14. Qd4 {½-½ (14) Vallejo Pons,F (2704)-Nakamura,H (2736) Moscow 2019}) 8. Nxe5 Nd6 $1 9. Re1 Be7 10. Bg5 $1 Nf5 $1 11. Bxe7 {Played: Ne5xf7} 1-0

[Event "18th Delhi GM Open 2020"]
[Site "Delhi"]
[Date "2020.01.12"]
[Round "5.12"]
[White "Mchedlishvili, Mikheil"]
[Black "Audi Ameya"]
[Result "1/2-1/2"]
[WhiteElo "2578"]
[BlackElo "2359"]
[Annotator "TA"]
[PlyCount "140"]
[EventDate "2020.01.09"]
[EventType "swiss"]
[EventCountry "IND"]
[SourceTitle "playchess.com"]
[Source "ChessBase"]
[SourceQuality "1"]

{[%evp 9,140,7,8,4,14,12,14,15,26,0,0,0,0,0,6,0,14,14,44,25,95,92,117,74,161,168,258,206,204,208,174,122,143,114,129,108,126,96,108,88,116,102,297,170,160,54,59,58,47,45,70,70,70,78,203,95,160,71,73,58,83,85,88,88,104,91,90,62,30,11,221,229,219,75,96,62,137,152,139,135,500,479,447,220,464,191,577,428,414,0,513,0,377,29,168,168,158,93,145,20,36,36,52,47,61,54,57,0,0,0,0,0,0,0,0,0,0,-8,0,0,0,0,0,0,0,0,0,0,0,0,0,0,0]} 1. e4 e5 2. Nf3 Nc6 3. d4 exd4 4. Nxd4 Qf6 5. Nf3 Bb4+ 6. c3 {C45: Scotch Game} Bc5 7. Be2 h6 8. O-O Nge7 9. Qd2 O-O $146 ({Predecessor:} 9... d6 10. b4 Bb6 11. Bb2 Qg6 12. Kh1 O-O 13. c4 Qxe4 {½-½ (58) Andreikin,D (2702)-Salomon,J (2462) Helsingor 2018}) 10. b4 Bb6 11. a4 {Black must now prevent a5.} a5 12. b5 Ne5 13. Nd4 c5 14. bxc6 N5xc6 (14... d5 $11) 15. Nb5 $1 $16 Qe5 16. Ba3 Qxe4 (16... d6 $16) 17. Bd6 Rd8 (17... Qh4 $142 18. N1a3 Re8) 18. N1a3 Nf5 ({Don't blunder} 18... Qxa4 $2 19. Bc4 $18) 19. Bd3 Nxd6 20. Nxd6 (20. Bxe4 $18 Nxe4 21. Qd5) 20... Qh4 21. Rfe1 Bc5 22. Nab5 b6 23. Bc4 Rf8 24. Bxf7+ $40 {[%mdl 128] Black is in trouble.} Kh8 25. Re4 Qd8 $2 (25... Qg5 $16 {was called for.} 26. Qxg5 hxg5) 26. Rf4 (26. Re8 $142 Rxe8 27. Bxe8) 26... Ba6 $18 27. Re1 (27. Bd5 $16) 27... Bxb5 $1 $14 28. axb5 Ne7 $1 29. Ba2 {Nf7+ is the strong threat.} Bxd6 30. Rxf8+ Qxf8 31. Qxd6 {[%mdl 64] Double Attack} Re8 (31... Ng8 $16 32. Qxb6 Qa3) 32. Qxd7 ({But not} 32. Qxb6 $2 Nd5 $1 $19 {[%mdl 512]}) (32. Qe5 $1 $18 {has better winning chances.}) 32... Rd8 $16 33. Qe6 Rd2 34. Rf1 Qf6 35. Qc4 Rc2 36. Bb1 Rxc3 37. Qe4 {[%csl Gb1][%cal Re4h7]} g6 38. h4 h5 39. Re1 Kg8 $2 (39... Rc7 $1 $11) 40. Ba2+ Kf8 41. Be6 (41. g3 $1 $18 {is the precise move to win.}) 41... Ra3 42. Re2 {Threatens to win with g3.} Ra1+ (42... Rc3 $1 $14) 43. Kh2 Rd1 {[#]} 44. g3 $1 Rc1 $2 {[%mdl 8192]} (44... Rd6 $16 45. Ba2 Rd7) 45. Qa8+ $18 Kg7 46. Qb7 (46. Qd8 $142) 46... Rc5 $2 (46... Rf1 {was worth a try.}) 47. Bh3 (47. Qxb6 $142 Re5 48. Rxe5 Qxe5 49. Bh3) 47... Kf8 $2 (47... Kf7 48. Be6+ Kg7 49. Qxb6 Re5 50. Rxe5 Qxe5) 48. Qb8+ Kg7 49. Qb7 Kf8 $1 50. Qb8+ Kg7 51. Qd8 $2 ({White should play} 51. Qa7 $18 Kf7 52. Be6+ Kg7 53. Qxb6) 51... Ng8 (51... Nd5 $11 {and Black has nothing to worry.} 52. Qd7+ Qf7) 52. Qd7+ Qf7 {[#] Threatening ...Qxd7.} 53. Qd3 (53. Qd2 $142 $1) 53... Qf6 ({Better is} 53... Qc4 54. Qd7+ Qf7) 54. Bg2 (54. Kg2 $16) 54... Re5 55. Rc2 Ne7 56. Qd7 Qe6 57. Qd4 Qf6 58. Rc7 (58. Qd3 $14) 58... Re2 $11 {The position is equal.} 59. Qd8 a4 60. Ra7 a3 {Hoping for ...a2.} 61. Ra8 {Intending Qh8+ and mate.} Kh7 {Strongly threatening ...a2.} 62. Rxa3 {And now Rf3 would win.} Qxf2 {[%csl Ge2][%cal Rf2g2]} 63. Qa8 Re3 64. Rxe3 Qxe3 65. Qf8 Qe6 66. Qe8 Kg7 67. Qd8 Nf5 68. Qc7+ Kh6 69. Qf4+ Kg7 70. Qc7+ Kh6 {Accuracy: White = 52%, Black = 40%.} 1/2-1/2

[Event "18th Delhi GM Open 2020"]
[Site "Delhi"]
[Date "2020.01.12"]
[Round "5.13"]
[White "Bogdanovich, Stanislav"]
[Black "Pranesh M"]
[Result "0-1"]
[WhiteElo "2562"]
[BlackElo "2317"]
[Annotator "RC"]
[PlyCount "64"]
[EventDate "2020.01.09"]
[EventType "swiss"]
[EventCountry "IND"]
[SourceTitle "playchess.com"]
[Source "ChessBase"]
[SourceQuality "1"]
[TimeControl "5400+30"]

1. d4 {[%emt 0:00:00]} Nf6 {[%emt 0:00:00]} 2. Bg5 {[%emt 0:00:00]} d5 {[%emt 0:00:00]} 3. e3 {[%emt 0:00:55]} e6 {[%emt 0:00:04]} 4. Nd2 {[%emt 0:02:15]} c5 {[%emt 0:00:12]} 5. c3 {[%emt 0:00:21]} Nc6 {[%emt 0:01:30]} 6. Bd3 {[%emt 0:04:51]} Qb6 {[%emt 0:01:42]} 7. Rb1 {[%emt 0:06:25]} e5 {[%emt 0:04:14]} 8. Bxf6 {[%emt 0:06:32]} gxf6 {[%emt 0:00:34]} 9. e4 {[%emt 0:02:02]} Be6 {[%emt 0:10:18]} 10. exd5 {[%emt 0:03:11]} Bxd5 {[%emt 0:00:23]} 11. Be4 {[%emt 0:02:39]} Bxa2 {[%emt 0:11:57]} 12. Ra1 {[%emt 0:04:10]} Qxb2 {[%emt 0:01:01]} 13. d5 {[%emt 0:02:03]} O-O-O {[%emt 0:01:41]} 14. Rxa2 {[%emt 0:09:11]} Qxa2 {[%emt 0:00:29]} 15. dxc6 {[%emt 0:00:04]} Bh6 {[%emt 0:03:07]} 16. cxb7+ {[%emt 0:02:59]} Kb8 {[%emt 0:03:47]} 17. Ngf3 {[%emt 0:00:16]} f5 {[%emt 0:05:10]} 18. Bxf5 {[%emt 0:03:48]} e4 {[%emt 0:02:03]} 19. Bxe4 {[%emt 0:06:41]} Rhe8 {[%emt 0:02:40]} 20. O-O {[%emt 0:00:06]} Rxe4 {[%emt 0:03:35]} 21. Nxe4 {[%emt 0:00:04]} Rxd1 {[%emt 0:00:05]} 22. Rxd1 {[%emt 0:00:10]} Bf8 {[%emt 0:03:54]} 23. h4 {[%emt 0:04:05]} Kxb7 {[%emt 0:03:58]} 24. Kh2 {[%emt 0:09:26]} Qa4 {[%emt 0:06:53]} 25. Re1 {[%emt 0:00:49]} f5 {[%emt 0:01:49]} 26. Neg5 {[%emt 0:07:42]} h6 {[%emt 0:01:41]} 27. Nf7 {[%emt 0:00:53]} Qd7 {[%emt 0:01:43]} 28. N3e5 {[%emt 0:00:50]} Bd6 {[%emt 0:02:36]} 29. Rb1+ {[%emt 0:01:54]} Kc8 {[%emt 0:02:22]} 30. f4 {[%emt 0:01:52]} Bxe5 {[%emt 0:00:21]} 31. Nxe5 {[%emt 0:00:04]} Qd2 {[%emt 0:00:20]} 32. Ng6 {[%emt 0:00:03]} a5 {[%emt 0:03:22]} 0-1

[Event "18th Delhi GM Open 2020"]
[Site "Delhi"]
[Date "2020.01.12"]
[Round "5.14"]
[White "Aaryan Varshney"]
[Black "David, Alberto"]
[Result "1/2-1/2"]
[WhiteElo "2287"]
[BlackElo "2562"]
[Annotator "TA"]
[PlyCount "42"]
[EventDate "2020.01.09"]
[EventType "swiss"]
[EventCountry "IND"]
[SourceTitle "playchess.com"]
[Source "ChessBase"]
[SourceQuality "1"]

{[%evp 17,42,64,56,52,83,76,76,60,62,61,61,61,89,57,71,30,71,37,38,46,40,0,0,0,39,0,0]} 1. d4 d6 2. Nf3 g6 3. c4 Bg7 4. Nc3 Nd7 5. e4 e5 6. Be2 Ngf6 7. O-O O-O 8. Be3 Re8 9. d5 Nh5 10. g3 {E94: King's Indian: Classical: 6 Be2 e5 7 0-0: Various Black 7th moves} Bf8 11. Ne1 Ng7 12. Nd3 {White is better.} f5 13. f3 Be7 14. Qd2 a5 15. b3 b6 16. a3 {[#]} Ba6 $146 ({Predecessor:} 16... Nc5 17. Nxc5 bxc5 {½-½ (29) Van Dongen,P (2344)-Shchekachev,A (2530) Paris 2009}) 17. Nb5 Nf6 18. Nf2 Nfh5 19. Nd3 Nf6 $1 20. Nf2 Nfh5 $1 21. Nd3 Nf6 {Accuracy: White = 41%, Black = 68%.} 1/2-1/2

[Event "18th Delhi GM Open 2020"]
[Site "Delhi"]
[Date "2020.01.12"]
[Round "5.15"]
[White "Fedorov, Alexei"]
[Black "Rathnakaran, K.."]
[Result "1-0"]
[WhiteElo "2562"]
[BlackElo "2329"]
[Annotator "TA"]
[PlyCount "75"]
[EventDate "2020.01.09"]
[EventType "swiss"]
[EventCountry "IND"]
[SourceTitle "playchess.com"]
[Source "ChessBase"]
[SourceQuality "1"]

{[%evp 11,75,54,54,35,46,41,46,47,44,37,52,40,60,22,35,33,59,60,97,96,100,95,94,79,79,66,52,86,91,75,238,231,239,230,328,332,314,326,695,694,658,695,682,675,701,694,694,693,974,766,737,621,664,692,628,599,974,974,974,974,974,974,974,974,966,966]} 1. d4 Nf6 2. c4 c5 3. d5 e6 4. Nc3 exd5 5. cxd5 d6 6. e4 g6 7. Nge2 {A65: Modern Benoni: 6 e4} Bg7 8. Ng3 a6 9. a4 {White is slightly better.} h5 10. Be2 Nbd7 11. Bg5 Rb8 $146 ({Predecessor:} 11... Qa5 12. O-O h4 13. Nh1 h3 14. g3 Nh7 {1-0 (70) Nielsen,P (2681)-Gashimov,V (2760) Khanty-Mansiysk 2011}) 12. O-O h4 13. Nh1 h3 14. g3 Qc7 15. f3 c4 16. Nf2 b5 17. axb5 axb5 18. b4 {[%cal Bb2b4,Bb4c5][%mdl 32] Threatens to win with Ra5.} Ng4 $1 {[%cal Rg4f2] [#] Strongly threatening ...Nxf2.} 19. Qd2 Nxf2 20. Rxf2 Nc5 $2 (20... O-O $16 {is a better defense.}) 21. bxc5 $18 b4 22. cxd6 (22. Bxc4 Bxc3 23. Qc1 Qxc5 $17) 22... Qd7 (22... Qxd6 $142 23. Bf4 (23. Bxc4 Bxc3 24. Qc1 O-O $16) 23... bxc3) 23. e5 ({Not} 23. Bxc4 Bxc3 24. Qd1 f6 $16) 23... bxc3 24. Qxc3 Qf5 $2 (24... Qxd6 25. f4 O-O 26. Qxc4 (26. exd6 Bxc3 27. Rc1 Bd4 $11) 26... Qb6) 25. f4 {White is clearly winning.} O-O 26. Be7 Re8 27. Qxc4 Rb1+ 28. Rxb1 Qxb1+ 29. Bf1 Bf5 30. Qc6 Qb8 31. Ra2 Bf8 32. Bxf8 Rxf8 33. d7 Qb3 34. Rf2 Rd8 {[#]} 35. e6 $1 fxe6 36. dxe6 Bxe6 37. Re2 Bf7 38. Qc7 {Accuracy: White = 78%, Black = 53%.} 1-0